00909nam a22002297a 4500999001500000003000900015008004100024040007100065082002700136100002300163245006600186260006800252300002800320505007600348650003400424650002900458650002900487700002900516942001600545945002000561952009800581 c1228d1228AR-CdUCM190226b ||||| |||| 00| 0 eng d aMUNICIPALIDAD PROVINCIAL DEL CUSCOcBIBLIOTECA MUNICIPAL DEL CUSCO 21ra. ed.a312.9 /bM19 aMalthus, Thomas R. aEnsayo sobre el Principio de la PoblacioncMalthus, Thomas R. aBuenos Aires - Argentina :bFondo de Cultura Economica ,c1951. a619 paginas :c24.5 cm. aPrincipios y Ensayos -- Principios de Poblacion -- Economia aplicada... aPrincipio de Poblacion.94792 aEconomia Aplicada.94793 aEl Recurso Humano.94794 aMalthus, Thomas R.94791 2ddccLIBROS artmd2019-02-26 002ddc4070aSHbSHcCARTd2019-02-26g100.00o312.9 / M19pSH0000001279r2019-02-26yLIBROS